[Event "22nd OIBM 2018"]
[Site "Gmund am Tegernsee"]
[Date "2018.11.04"]
[Round "9"]
[White "Papp, Gabor"]
[Black "Nisipeanu, Liviu-Dieter"]
[Result "1/2-1/2"]
[WhiteElo "2591"]
[BlackElo "2667"]
[Annotator "TA"]
[PlyCount "73"]
[EventDate "2018.10.27"]
[EventType "swiss"]
[EventCountry "GER"]
[SourceTitle "playchess.com"]
[Source "ChessBase"]
[SourceQuality "1"]

{[%evp 22,73,10,10,15,12,9,28,18,30,178,157,166,118,141,135,127,139,138,141,133,117,110,108,135,122,135,125,131,125,136,136,137,93,93,93,101,101,101,103,112,114,100,93,112,103,211,208,291,287,323,318,315,294]} 1. e4 c5 2. Nf3 Nc6 3. d4 cxd4 4. Nxd4 Nf6 5. Nc3 d6 6. Bc4 Bd7 7. O-O g6 8. h3 Nxd4 9. Qxd4 Bg7 10. Be3 O-O 11. Qd3 Bc6 12. Bd4 e5 {B72: Sicilian Dragon: 6 Be3, lines with h3+Bc4 and sidelines} 13. Be3 Nxe4 $1 14. Nxe4 d5 {White has an edge.} 15. Rad1 $146 {[%cal Rc4d5]} ({Predecessor:} 15. Bc5 dxc4 16. Qxc4 Re8 17. Rfd1 Qh4 18. Nd6 Qxc4 19. Nxc4 b6 20. Ba3 {0-1 (41) Abergel,T (2296)-Shchekachev,A (2580) Bethune 2001}) 15... dxe4 {[#]} (15... dxc4 $11 16. Qxc4 Qh4) 16. Bxf7+ $1 $18 {[%mdl 512]} Kh8 (16... Rxf7 17. Qxd8+) 17. Qxd8 Rfxd8 18. Rxd8+ Rxd8 19. Bxa7 Bh6 20. Bb3 Kg7 21. Re1 Kf6 22. Bb6 Rd7 23. a4 Bf4 24. Kf1 h5 25. h4 Kf5 26. g3 Bh6 27. Be3 Bxe3 28. Rxe3 $16 {[%mdl 4096] Endgame KRB-KRB} Rd1+ 29. Ke2 Rb1 30. Kd2 Rf1 {[#]} 31. Re2 $1 g5 32. hxg5 Kxg5 33. c3 h4 (33... Rb1 $16) 34. gxh4+ $18 Kf4 35. Bc2 {White has a decisive advantage.} b6 36. h5 Rh1 37. b4 {[%mdl 32768] Precision: White = 81%, Black = 57%. . An unexpected result.} 1/2-1/2

[Event "22nd OIBM 2018"]
[Site "Gmund am Tegernsee"]
[Date "2018.11.04"]
[Round "9"]
[White "Gopal G.N."]
[Black "Caspi, Israel"]
[Result "1/2-1/2"]
[WhiteElo "2578"]
[BlackElo "2471"]
[Annotator "TA"]
[PlyCount "90"]
[EventDate "2018.10.27"]
[EventType "swiss"]
[EventCountry "GER"]
[SourceTitle "playchess.com"]
[Source "ChessBase"]
[SourceQuality "1"]

{[%evp 18,90,32,23,24,39,37,55,55,67,108,124,95,52,65,67,46,56,49,65,47,41,44,39,43,59,43,51,72,0,0,-31,0,0,0,0,0,-19,-16,-20,-22,-15,-19,-22,-4,-7,-7,-14,0,0,0,0,0,0,0,0,0,0,0,0,0,0,0,0,0,0,0,0,0,0,0,0,0,0,0]} 1. e4 e5 2. Nf3 Nf6 3. Nxe5 d6 4. Nf3 Nxe4 5. Nc3 Nxc3 6. dxc3 Be7 7. Be3 O-O 8. Qd2 {C42: Petroff Defence: 3 Nxe5 and unusual White 3rd moves} Nd7 9. O-O-O c6 10. h4 {LiveBook: 17 Games. White is slightly better.} Qa5 (10... d5 11. Kb1 Re8 12. Bd3 Bc5 13. Rde1 Bxe3 14. Rxe3 Rxe3 15. Qxe3 Nf6 {½-½ (28) Aronian,L (2780)-Caruana,F (2827) Batumi 2018}) 11. Kb1 Nf6 12. Bd3 Re8 13. Bd4 $146 ({Predecessor:} 13. Rhe1 h6 14. Nd4 Ng4 15. Bf4 Ne5 16. Bxe5 dxe5 {1-0 (71) Packroff,H (2220)-Schwarte,J (2230) ICCF email 2015}) 13... Be6 14. a3 $1 h6 15. Rde1 c5 16. Bxf6 $1 Bxf6 17. Ng5 c4 18. Bh7+ $1 Kh8 19. Nxe6 {Black must now prevent Ng5.} Kxh7 20. Nf4 Rxe1+ 21. Rxe1 Bxh4 22. Nd5 Rf8 {[#]} 23. Rh1 ({White should try} 23. Re4 $1 $16 {[%cal Re4h4]} Bxf2 {[#]} 24. Nf6+ $1 {[%mdl 512]} gxf6 25. Qxf2) 23... Bd8 $1 $11 24. g4 f5 25. Rh5 {The position is equal.} Qc5 26. gxf5 {Hoping for f6!} Bg5 27. f4 Rxf5 28. Rxg5 ({But not} 28. fxg5 $2 Rf1+ 29. Qc1 Rxc1+ 30. Kxc1 Qg1+ 31. Kd2 Qf2+ 32. Kd1 Qf3+ 33. Kd2 Qxh5 $19) 28... hxg5 {[%mdl 4096] Endgame KQR-KQN} 29. Qh2+ Kg6 30. Ne7+ Kf6 31. Nxf5 Kxf5 32. fxg5 Kxg5 {KQ-KQ} 33. Qg3+ Kh6 34. Qh4+ Kg6 35. Qg4+ Kf6 36. Qf4+ Kg6 37. Qg4+ Kf7 38. Qf3+ Ke6 39. Qg4+ Kf7 40. Qf3+ Kg8 41. Qxb7 g5 42. Qd7 a5 43. Qe8+ Kg7 44. Qe7+ Kh6 45. Qe6+ Kg7 {Precision: White = 73%, Black = 86%.} 1/2-1/2

[Event "22nd OIBM 2018"]
[Site "Gmund am Tegernsee"]
[Date "2018.11.04"]
[Round "9"]
[White "Martinovic, Sasa"]
[Black "Donchenko, Anatoly"]
[Result "1-0"]
[WhiteElo "2555"]
[BlackElo "2269"]
[Annotator "TA"]
[PlyCount "73"]
[EventDate "2018.10.27"]
[EventType "swiss"]
[EventCountry "GER"]
[SourceTitle "playchess.com"]
[Source "ChessBase"]
[SourceQuality "1"]

{[%evp 19,73,6,15,0,0,0,0,0,4,2,25,11,33,-15,0,0,24,24,66,59,141,129,145,39,116,107,118,124,125,109,123,114,117,62,151,152,227,229,231,225,216,234,243,238,352,360,587,591,580,558,577,565,1104,964,29990,29991]} 1. c4 c5 2. Nf3 Nf6 {[%cal Bg8f6,Bf6d5,Bd5b4,Bb4d3][%mdl 32]} 3. Nc3 d5 4. cxd5 Nxd5 5. e4 Nb4 6. Bc4 Nd3+ 7. Ke2 Nf4+ {A34: Symmetrical English: 2 Nc3, lines with ...d5} 8. Kf1 Ne6 9. h4 Nc6 (9... Nd4 10. Nb5 Be6 11. d3 Nbc6 12. Nbxd4 Bxc4 13. dxc4 cxd4 14. Bf4 e6 15. Rh3 {0-1 (35) Dominguez Perez,L (2739)-Vachier Lagrave,M (2779) Saint Louis 2018}) 10. d3 Ned4 {LiveBook: 9 Games} 11. Bf4 e6 12. Nb5 $146 ({Predecessor:} 12. Nxd4 Nxd4 13. Nb5 Nxb5 14. Bxb5+ Bd7 15. Bxd7+ Qxd7 {0-1 (38) Jezek,J-Lehikoinen,P corr 1991}) 12... Nxb5 13. Bxb5 Bd7 14. h5 h6 15. Qd2 a6 16. Bc4 (16. Bxc6 $5 Bxc6 17. Ne5 $11) 16... Na5 17. Ne5 b5 18. Bb3 Qb6 19. Rh3 {[%cal Bh1h3,Bh3f3,Bf3g3,Bg3g6,Bg6c6][%mdl 32]} Rd8 {[#]} (19... Nc6 $14) 20. Rf3 $1 $16 f6 21. Nxd7 (21. Ng6 $16 Rg8 22. Be3) 21... Kxd7 ({Better is} 21... Rxd7 $14 22. Bxe6 Qxe6 23. Qxa5 Be7) 22. e5 f5 23. Rg3 {Bxe6+! is the strong threat.} Nxb3 24. axb3 Ke8 25. Rg6 Qc6 26. Qe3 Kf7 {[#]} (26... Rd4 $14) 27. Qh3 $1 Rd4 (27... Qb7 $16) 28. Be3 $18 Rxd3 {[#] aiming for ...f4.} 29. Qxf5+ $1 {[%mdl 512]} exf5 30. Rxc6 Be7 31. Raxa6 Re8 (31... Rhd8 $142 32. g3 (32. Bxc5 Rd1+ 33. Ke2 Bxc5 $11) 32... R3d5) 32. Ra7 ({Weaker is} 32. Bxc5 Bxc5 33. Rxc5 Rxb3 $16) 32... Kg8 $2 (32... c4 {is a better defense.} 33. bxc4 bxc4 34. Rxc4 Kg8) 33. Re6 Kf7 34. Rd6 Rxb3 35. Bxc5 Rc8 36. e6+ Kf8 {[#]} 37. Rc6 $1 {[%mdl 512] Precision: White = 73%, Black = 31%.} 1-0

[Event "22nd OIBM 2018"]
[Site "Gmund am Tegernsee"]
[Date "2018.11.04"]
[Round "9"]
[White "Kulaots, Kaido"]
[Black "Groetzbach, Julian"]
[Result "1-0"]
[WhiteElo "2546"]
[BlackElo "2247"]
[Annotator "TA"]
[PlyCount "71"]
[EventDate "2018.10.27"]
[EventType "swiss"]
[EventCountry "GER"]
[SourceTitle "playchess.com"]
[Source "ChessBase"]
[SourceQuality "1"]

{[%evp 20,71,3,0,48,0,44,36,28,20,28,36,53,16,95,43,72,54,106,54,155,133,210,215,291,168,179,155,167,191,282,258,287,266,264,255,344,311,316,308,504,440,572,607,841,791,1059,1050,957,915,2472,2489,29980,12836]} 1. e4 c5 2. Nf3 e6 3. d4 cxd4 4. Nxd4 Nc6 5. Nc3 Qc7 6. g3 a6 7. Bg2 Nf6 8. O-O h5 {B47: Sicilian: Taimanov: 5 Nc3 Qc7 6 f4, 6 g3 and 6 Be2} 9. Nf3 Ng4 10. Bf4 d6 11. Qe2 {LiveBook: 3 Games} f6 $146 ({Predecessor:} 11... Nge5 12. a4 Be7 13. h4 Nxf3+ 14. Qxf3 Bd7 15. Rfd1 f6 16. Qe2 {0-1 (33) Getz,N (2409)-Kryvoruchko,Y (2710) Skopje 2015}) 12. h4 b5 13. a3 Be7 14. Rad1 Kf7 15. Bc1 Bb7 16. Bh3 Nge5 (16... g6 $11 {keeps the balance.}) 17. Ne1 ({White should play} 17. Nh2 $1 $16) 17... b4 18. axb4 Nxb4 19. f4 {[#]} (19. Ng2 $16) 19... Nd7 (19... Ng4 $1 $14 {[%mdl 512]}) 20. Nf3 Rad8 (20... Nc5 $16) 21. Kh2 $18 Nf8 {[#]} 22. Nd4 (22. Ng5+ $142 $1 {[%mdl 512]} fxg5 23. fxg5+ Kg8 24. Qf3) 22... Bc8 23. Bg2 e5 24. Nf5 Ne6 (24... Be6 $142 25. Ne3 exf4 26. gxf4 Bg4 27. Nxg4 hxg4) 25. Nxe7 Kxe7 26. Nd5+ Nxd5 27. exd5 Nc5 28. fxe5 dxe5 29. Qc4 Kd6 $2 (29... Bg4 {keeps fighting.} 30. Be3 Ne6 31. Qb4+ (31. Qxa6 Rd6 $16) 31... Qd6 32. Qb7+ Qd7 33. Qb4+ (33. Qxa6 Bxd1 34. Rxd1 Nd4 $16) 33... Qd6 34. Qb7+ Qd7 35. Qb4+ (35. Qxa6 Bxd1 36. Rxd1 Nd4 $14) 35... Qd6) 30. b4 Na4 31. Qb3 Nb6 32. Be3 {And now Bc5+ would win.} Bg4 33. Bc5+ Kd7 34. Ra1 Rb8 35. d6 {Threatening mate with Qf7+.} Qd8 36. Rxa6 {Precision: White = 48%, Black = 18%.} (36. Qf7+ $142 Kc8 37. Bxb6 Qxd6 38. Rxa6 Be6 39. Bh3 Re8 40. Ra7 Rxb6 41. Qxe8+ Qd8 42. Ra8+ Kc7 43. Qxd8+ Kc6 44. Bxe6 Rxb4 45. Ra6+ Kc5 46. Qd5#) 1-0

[Event "22nd OIBM 2018"]
[Site "Gmund am Tegernsee"]
[Date "2018.11.04"]
[Round "9"]
[White "Halkias, Stelios"]
[Black "Bellia, Fabrizio"]
[Result "1/2-1/2"]
[WhiteElo "2544"]
[BlackElo "2448"]
[Annotator "TA"]
[PlyCount "99"]
[EventDate "2018.10.27"]
[EventType "swiss"]
[EventCountry "GER"]
[SourceTitle "playchess.com"]
[Source "ChessBase"]
[SourceQuality "1"]

{[%evp 14,99,37,11,12,19,24,18,81,76,80,70,92,68,116,116,138,135,140,85,136,141,196,196,195,203,195,195,195,195,195,200,210,207,206,198,206,209,213,207,193,218,206,200,199,175,155,152,160,147,158,118,130,102,215,214,219,205,268,269,293,239,269,260,407,224,516,508,493,497,468,370,393,178,158,155,168,169,135,0,0,0,155,0,0,0,46,0]} 1. Nf3 d5 2. d4 Nf6 3. g3 e6 4. Bg2 b5 5. O-O Bb7 6. a4 {A46: 1 d4 Nf6 2 Nf3 e6: Torre, London and Colle Systems} (6. Bg5 Nbd7 7. e4 dxe4 8. Nfd2 h6 9. Bxf6 Nxf6 10. Qe2 a6 11. Nxe4 Bxe4 12. Bxe4 Nxe4 13. Qxe4 Qd5 {½-½ (62) Aronian,L (2784)-Dominguez Perez,L (2732) Skopje 2015}) 6... b4 7. c4 bxc3 8. bxc3 {LiveBook: 4 Games} Be7 9. Ne5 Nbd7 10. c4 Nxe5 $146 (10... c5 $11 {remains equal.}) ({Predecessor:} 10... c5 11. Nxd7 Qxd7 12. dxc5 Bxc5 13. Ba3 Rc8 14. cxd5 Bxd5 15. Bxc5 Rxc5 16. Na3 O-O 17. Bxd5 Rxd5 18. Qb3 Rd8 19. Nc4 {½-½ (19) Suder,R (2123)-Wilks,S (1935) London 2016}) 11. dxe5 $16 Ne4 12. Qc2 O-O 13. Rd1 Nc5 14. Ba3 $36 {[%mdl 2048] Hoping for cxd5. Keeping Black busy.} Na6 15. cxd5 exd5 16. e4 (16. Qb3 $142 Rb8 17. Bxd5 Bxd5 18. Qxd5) 16... Bxa3 (16... d4 $142) 17. Nxa3 {[%cal Re4d5]} Qe7 (17... d4 $16) 18. exd5 $18 {Black must now prevent Rab1.} Qxe5 19. Rab1 Rab8 20. Nb5 Bc8 21. Re1 Bf5 22. Qc6 (22. Rxe5 Bxc2 23. Ra1 Nc5 $16) 22... Qf6 23. Qxf6 gxf6 24. Rbc1 Rfe8 25. Rxe8+ (25. Nxa7 Rxe1+ 26. Rxe1 Rb2) 25... Rxe8 26. d6 cxd6 27. Nxd6 Re5 28. f4 Ra5 29. Bf1 Bd7 30. Bb5 Bxb5 31. axb5 $16 {[%mdl 4096] Endgame KRN-KRN} (31. Nxb5 $6 Nb4 $14) 31... Nb4 32. Rc7 Nd5 33. Rd7 Ne3 (33... h5 $16) 34. Kf2 $1 $18 {[%cal Rf2e3]} ({Don't play} 34. Nxf7 $6 Kg7 $16) (34. Rxf7 $6 Rxb5 35. Rxa7 (35. Nxb5 Kxf7 36. Nxa7 Ke6 $16) 35... Rb2 $16) 34... Ng4+ 35. Kf3 $1 {[%cal Rf3g4]} Nh6 36. Ke4 Kf8 37. Rb7 Ra2 38. h3 Ra3 (38... Ra1 {was worth a try.} 39. g4 Kg7) 39. g4 (39. f5 $142) 39... Rxh3 $2 (39... f5+ {keeps fighting.} 40. Nxf5 (40. gxf5 Kg7 $18) 40... Nxf5 41. Kxf5 Kg7) 40. g5 fxg5 41. fxg5 Rh4+ 42. Kd3 Rh5 43. Ne4 ({Less strong is} 43. gxh6 Rd5+ 44. Kc4 Rxd6 $18) (43. Rxa7 $142 Rxg5 44. Kc4) 43... Rh3+ {[#]} 44. Kc4 $1 Nf5 45. Rxa7 Rh4 46. Kd3 (46. Kd5 $16 Ne7+ 47. Kd4) 46... Rh3+ $11 47. Kc4 $2 (47. Kd2 $11 Rb3 48. Ra8+ Ke7 49. Ra5) 47... Rh4 $16 {[#]} 48. Kd3 $2 ({White should try} 48. Kd5 $1 $16 Ne7+ 49. Kd4) 48... Rh3+ $11 49. Kd2 {aiming for b6.} Rh2+ 50. Kd3 {Precision: White = 71%, Black = 37%.} 1/2-1/2

[Event "22nd OIBM 2018"]
[Site "Gmund am Tegernsee"]
[Date "2018.11.04"]
[Round "9"]
[White "Chanda, Sandipan"]
[Black "Stark, Lars"]
[Result "1-0"]
[WhiteElo "2535"]
[BlackElo "2374"]
[Annotator "TA"]
[PlyCount "79"]
[EventDate "2018.10.27"]
[EventType "swiss"]
[EventCountry "GER"]
[SourceTitle "playchess.com"]
[Source "ChessBase"]
[SourceQuality "1"]

{[%evp 15,79,0,-2,-10,22,19,9,0,9,8,10,15,15,16,11,8,8,0,96,99,112,116,115,111,100,46,69,42,62,16,37,17,13,20,41,29,261,265,266,260,262,261,267,266,307,308,312,313,307,299,327,333,379,369,382,363,494,486,484,473,604,603,620,583,1527,1408]} 1. d4 Nf6 2. c4 e6 3. Nc3 Bb4 4. e3 b6 5. Bd2 Bb7 6. Nf3 O-O 7. Bd3 d5 8. cxd5 exd5 9. Rc1 {E52: Nimzo-Indian: Rubinstein: 4...0-0 5 Nf3 d5 6 Bd3 b6} (9. O-O Re8 10. a3 Bf8 11. b4 Nbd7 12. b5 Ne4 13. a4 Ndf6 14. Ne2 a5 15. Bc1 Bd6 16. Ba3 Qe7 17. Bxd6 cxd6 {½-½ (73) So,W (2778)-Karjakin,S (2782) Leuven 2018}) 9... a6 10. O-O Nbd7 11. Ne5 {The position is equal.} Nxe5 12. dxe5 Nd7 $1 13. f4 Nc5 14. Bc2 d4 15. Na4 Bxd2 16. Qxd2 Nxa4 (16... d3 $1 $11 {remains equal.} 17. Nxc5 dxc2 18. Qxd8 Rfxd8) 17. Bxa4 $16 dxe3 18. Qxe3 Qd5 $146 {[%csl Gb7][%cal Rd5g2] [#]} 19. Rf2 c5 20. Bb3 (20. Rd2 $16 Qe4 21. Qxe4 Bxe4 22. Bd7) 20... Qe4 $1 $14 {[%cal Re4e3]} 21. Qxe4 Bxe4 22. f5 Bd3 23. Rc3 Rfd8 24. e6 {Black must now prevent e7.} Kf8 25. Rf3 $36 {[%mdl 2048] White has some pressure.} Be4 $2 {[#]} (25... c4 $11 {and Black has nothing to worry.}) 26. e7+ $1 $18 {[%mdl 512]} Kxe7 27. Rce3 {f6+! is the strong threat.} Rd4 {Threatens to win with ...Kf6.} 28. Bc2 Kf6 29. Rxe4 Rad8 30. Rxd4 Rxd4 {[%mdl 4096] Endgame KRB-KR} 31. Rd3 Rc4 32. Rd2 a5 33. Kf2 a4 34. Ke3 Ke5 35. Re2 b5 36. Kd2+ {White is clearly winning.} Kd5 37. Re7 Rd4+ 38. Ke3 Rb4 39. b3 c4 40. a3 {Precision: White = 77%, Black = 32%.} 1-0

[Event "22nd OIBM 2018"]
[Site "Gmund am Tegernsee"]
[Date "2018.11.04"]
[Round "9"]
[White "Stefansson, Hannes"]
[Black "Slugin, Sergey"]
[Result "1-0"]
[WhiteElo "2502"]
[BlackElo "2362"]
[Annotator "TA"]
[PlyCount "49"]
[EventDate "2018.10.27"]
[EventType "swiss"]
[EventCountry "GER"]
[SourceTitle "playchess.com"]
[Source "ChessBase"]
[SourceQuality "1"]

{[%evp 17,49,25,66,43,64,27,141,151,158,141,159,123,229,219,289,297,351,344,366,356,361,249,247,249,250,227,418,415,520,520,1546,1580,1350,1046]} 1. e4 g6 2. d4 Bg7 3. Nc3 d6 4. Be3 a6 5. Qd2 Nd7 6. h4 h5 7. Nh3 {B06: Modern Defence} b5 (7... c5 8. O-O-O cxd4 9. Bxd4 Ngf6 10. Ng5 b5 11. f3 Bb7 12. Kb1 Rc8 13. Be2 Nb6 14. Rhe1 Nc4 15. Bxc4 Rxc4 16. Bxf6 exf6 {½-½ (70) Movsesian,S (2647)-Adhiban,B (2655) Riadh 2017}) 8. Ng5 Bb7 9. O-O-O Nb6 {LiveBook: 4 Games} 10. Bd3 Qd7 $146 ({Predecessor:} 10... Rc8 11. e5 Nh6 12. Bxg6 fxg6 13. Ne6 dxe5 14. Nxd8 Rxd8 {½-½ (30) Bisby,D (2257)-Szabo,G (2551) Vaujany 2011}) 11. d5 c5 (11... Rc8 $11) 12. dxc6 $1 $16 Qxc6 {[#]} 13. e5 $1 {[%cal Be4e5,Be5e6][%mdl 32]} d5 14. e6 f5 (14... Nh6 $16 {was worth a try.}) 15. Ne2 Nf6 16. Bd4 Nc4 17. Bxc4 dxc4 18. Nf4 O-O-O 19. Nf7 Ne4 20. Nxd8 Rxd8 {[#]} 21. Qe3 $1 ({Weaker is} 21. Nxg6 Qxe6 22. Qe3 (22. Nf4 $2 Qd6 $19) 22... Qxg6 $17) 21... Rxd4 $2 (21... Bh6 {might work better.}) 22. Rxd4 $18 c3 23. b4 {White is clearly winning.} Kb8 (23... Bxd4 $142 24. Qxd4 Kb8) 24. Rd8+ Bc8 25. Nd5 {Precision: White = 84%, Black = 16%.} 1-0

[Event "22nd OIBM 2018"]
[Site "Gmund am Tegernsee"]
[Date "2018.11.04"]
[Round "9"]
[White "Iniyan, P."]
[Black "Zeier, Klaus"]
[Result "1-0"]
[WhiteElo "2476"]
[BlackElo "2228"]
[Annotator "TA"]
[PlyCount "67"]
[EventDate "2018.10.27"]
[EventType "swiss"]
[EventCountry "GER"]
[SourceTitle "playchess.com"]
[Source "ChessBase"]
[SourceQuality "1"]

{[%evp 17,67,7,36,41,89,79,85,90,81,89,111,27,113,106,106,62,90,77,181,184,180,183,176,175,200,146,137,120,115,75,116,95,75,79,55,66,343,325,327,323,304,305,438,435,431,431,421,366,468,468,6283,6291]} 1. d4 Nf6 2. c4 e6 3. a3 d5 4. Nc3 c5 5. e3 Nc6 6. Nf3 cxd4 7. exd4 Be7 8. c5 Ne4 9. Qc2 Bf6 {LiveBook: 5 Games. B14: Caro-Kann: Panov-Botvinnik Attack with 5...e6 and 5...g6} (9... Nxc3 10. Qxc3 a5 11. Bd3 O-O 12. b4 axb4 13. axb4 Rxa1 14. Qxa1 Nxb4 15. Bxh7+ Kxh7 16. Qb1+ Kg8 17. Qxb4 b6 18. Bf4 bxc5 19. dxc5 {0-1 (30) Vakhidov,J (2529)-Svidler,P (2751) Tbilisi 2017}) 10. Bd3 O-O $146 ({Predecessor:} 10... Nxc3 11. Qxc3 O-O 12. O-O b6 13. Be3 bxc5 14. Qxc5 Bd7 15. b4 Rc8 16. Qd6 Ne7 17. Rac1 {½-½ (43) Belikov,V (2552)-Pokazanjev,N (2479) Sochi 2006}) 11. Nxe4 dxe4 {White is better.} 12. Bxe4 Nxd4 13. Nxd4 Qxd4 14. Bxh7+ Kh8 {White should prevent ...g6.} 15. Be4 Bd7 16. O-O Rac8 17. Be3 Qxb2 {[#]} (17... Ba4 $16 {was necessary.}) 18. Qd1 $1 $18 {[%cal Rd1h5][%mdl 512] White wants to mate with Qh5+.} Qe5 {[#]} 19. Qf3 $1 $40 {[%cal Rf3h3][%mdl 128] Qh3+ would kill now. White wants a kill.} ({Weaker is} 19. Qxd7 Qxe4 20. Rab1 Rb8 $11) 19... Kg8 20. Bxb7 {c6 is the strong threat.} Bb5 21. Rfe1 Qc7 22. Bxc8 Bxa1 23. Bb7 Be5 24. h3 Rd8 25. c6 Rd3 26. Rc1 Bb2 $2 {[%mdl 8192]} (26... a5 $14) 27. Rb1 Rxa3 28. Bf4 e5 29. Be3 Ra1 (29... e4 $142 30. Bf4 (30. Qxe4 Bd3 $18) 30... exf3 31. Bxc7 Ra1 32. Rxa1 Bxa1) 30. Rxa1 Bxa1 31. Qd5 a6 32. Bc5 e4 33. Bd6 Bc4 (33... Bxc6 $142 34. Bxc6 Qd8) 34. Qc5 {Precision: White = 78%, Black = 38%.} ({Not} 34. Bxc7 Bxd5 35. Ba8 Be6 $16) 1-0

[Event "22nd OIBM 2018"]
[Site "Gmund am Tegernsee"]
[Date "2018.11.04"]
[Round "9"]
[White "Perske, Thore"]
[Black "Iturrizaga Bonelli, Eduardo"]
[Result "0-1"]
[WhiteElo "2454"]
[BlackElo "2636"]
[Annotator "TA"]
[PlyCount "70"]
[EventDate "2018.10.27"]
[EventType "swiss"]
[EventCountry "GER"]
[SourceTitle "playchess.com"]
[Source "ChessBase"]
[SourceQuality "1"]

{[%evp 12,70,37,4,16,12,22,7,5,2,9,-14,-12,-31,-29,-27,0,0,0,0,6,0,27,0,0,0,0,0,16,-2,-7,0,-6,-11,-7,-10,-12,-40,-27,-92,-97,-99,-80,-186,-183,-602,-583,-568,-575,-574,-514,-784,-764,-745,-494,-2559,-2218,-29995,-29996,-29997,-29998]} 1. e4 c5 2. Nf3 e6 3. d4 cxd4 4. Nxd4 a6 5. Nc3 b5 6. Bd3 Bb7 7. f4 {LiveBook: 15 Games. B43: Sicilian: Kan Variation: 5 Nc3} (7. O-O Nc6 8. Nxc6 Bxc6 9. Re1 Bd6 10. e5 Bc7 11. Qg4 Ne7 12. Bf4 Ng6 13. Bxg6 hxg6 14. Bg3 Qb8 15. Rad1 Rh5 16. Ne4 Qb7 {0-1 (34) Gabrielian,A (2499)-Dubov,D (2703) Sochi 2018}) 7... Nf6 8. Qe2 Nc6 $146 ({Predecessor:} 8... d6 9. a3 Qc7 10. O-O Nbd7 11. Nb3 Be7 12. Bd2 O-O {0-1 (30) Gerbelli Neto,E (2175)-Terao,R (2358) Sao Paulo 2011}) 9. Nxc6 {The position is equal.} Bxc6 10. a3 Qb6 11. e5 Nd5 12. Ne4 Be7 13. Bd2 g6 14. h4 h5 15. g3 Rc8 16. Rf1 Bb7 17. c3 Qc6 18. Be3 Nxe3 19. Qxe3 Qc7 20. Rd1 Bxe4 21. Bxe4 Rd8 22. Rd2 d6 23. exd6 Bxd6 24. Qf3 O-O {[%cal Be8g8,Bg8h7,Bh7g6][%mdl 32]} 25. g4 {[#]} (25. Ke2 $11 {keeps the balance.}) 25... f5 $1 $17 26. gxf5 exf5 27. Rg1 (27. Qg3 $17 {was worth a try.} Kg7 28. Bd5) 27... Kh7 $19 ({And not} 27... Bxf4 28. Rxd8 Qxd8 29. Rxg6+ Kf7 30. Bxf5 $11) 28. Rxg6 $2 (28. Bd5) 28... Kxg6 29. Rg2+ Kh6 30. Rg5 {[%csl Gg5][%cal Rf3h5]} Qf7 31. Bxf5 (31. Rxf5 $142 Qe8 32. Rxf8 Qxf8 33. Qg3) 31... Qe8+ 32. Kf1 Rf6 33. Qb7 {[#]} (33. Qg3 $142) 33... Bc7 $1 {[%mdl 512] ( -> ...Rd1+)} 34. Qxc7 Rd1+ 35. Kf2 Rd2+ {Precision: White = 18%, Black = 75%.} 0-1

[Event "22nd OIBM 2018"]
[Site "Gmund am Tegernsee"]
[Date "2018.11.04"]
[Round "9"]
[White "Hoffmann, Michael"]
[Black "Moeldner, Juergen"]
[Result "1-0"]
[WhiteElo "2441"]
[BlackElo "2209"]
[Annotator "TA"]
[PlyCount "101"]
[EventDate "2018.10.27"]
[EventType "swiss"]
[EventCountry "GER"]
[SourceTitle "playchess.com"]
[Source "ChessBase"]
[SourceQuality "1"]

{[%evp 30,101,41,41,52,24,41,4,7,8,44,7,11,16,14,4,3,0,6,6,15,5,7,0,95,100,104,103,97,93,112,106,107,97,153,112,115,109,114,108,129,70,78,24,28,32,56,40,70,35,92,79,896,889,1252,1281,1168,296,1185,1110,1044,1027,1949,931,12841,12841,12841,12842,12842,12843,12844,12841,12845,12844]} 1. c4 Nf6 2. Nc3 c5 3. g3 e6 4. Nf3 b6 5. Bg2 Bb7 6. O-O Be7 7. d4 cxd4 8. Qxd4 d6 9. Rd1 a6 10. b3 Nbd7 11. e4 Qc7 12. Ba3 {A30: Symmetrical English: Double Fianchetto and Hedgehog} Nc5 13. e5 dxe5 14. Qxe5 Qxe5 15. Nxe5 Bxg2 16. Kxg2 {LiveBook: 15 Games} Rc8 17. Bxc5 Bxc5 18. Na4 Ke7 $1 19. f4 Rc7 $146 ({Predecessor:} 19... Rhd8 20. Rxd8 Kxd8 21. Nxc5 bxc5 22. Nxf7+ {1-0 (30) Reinderman,D (2608)-Mulder,B (2212) Bossum 2010}) 20. Rab1 b5 21. Nxc5 Rxc5 22. Rd4 Rhc8 23. Kf3 R5c7 24. Rbd1 bxc4 25. bxc4 a5 26. g4 Ne8 (26... Ke8 $11 {remains equal.}) 27. Rd7+ $16 Kf8 {[#]} 28. Nxf7 $1 Rxc4 {[#]} 29. Ng5 $1 Rc3+ 30. R1d3 Rxd3+ 31. Rxd3 {[%mdl 4096] Endgame KRN-KRN} Rc2 (31... Ke7 $142) 32. Nxe6+ Ke7 33. Re3 {Nd4+ is the strong threat.} Kd7 34. Nf8+ Kd8 35. h4 (35. a4 $16) 35... Rxa2 $14 36. Nxh7 (36. f5 $16) 36... a4 $11 37. Ng5 Ra1 38. Nf7+ Kd7 39. Ne5+ Ke7 (39... Kd6 $14) 40. g5 Kf8 $2 {[%mdl 8192]} (40... Nc7 $16) 41. Ng6+ $18 Kf7 42. h5 {[%cal Bh4h5,Bh5h6][%mdl 32] White wants to mate with Re7+.} Nd6 43. Re7+ Kg8 {Black hopes to continue with ...a3.} 44. h6 {[%csl Gh6][%cal Re7g7] White is clearly winning.} Nf5 45. Re8+ Kh7 46. Nf8+ Kh8 47. Ne6+ Kh7 48. hxg7 Nxg7 49. Re7 a3 50. Rxg7+ Kh8 51. Ra7 {Precision: White = 64%, Black = 40%.} 1-0